[Event "COL-ch Rapid (Women)"]
[Site "Villavicencio"]
[Date "2021.11.14"]
[Round "9"]
[White "Suarez Ardila, Luisa Maria"]
[Black "Mateus, Martha"]
[Result "1-0"]
[WhiteElo "1476"]
[BlackElo "1977"]
[PlyCount "141"]
[EventDate "2021.11.13"]
[EventType "swiss (rapid)"]
[EventRounds "9"]
[EventCountry "COL"]
[SourceTitle "CBM 205 Extra"]
[Source "ChessBase"]
[SourceDate "2022.01.31"]
[SourceVersion "1"]
[SourceVersionDate "2022.01.31"]
[SourceQuality "1"]

1. e4 c5 2. Nf3 a6 3. d4 cxd4 4. Nxd4 Nf6 5. Nc3 e5 6. Nb3 Bb4 7. Bd3 d5 8. Nd2 d4 9. Ne2 Nc6 10. a3 Be7 11. 0-0 0-0 12. f4 exf4 13. Nxf4 Ne5 14. Nf3 Bg4 15. Qe1 Bxf3 16. gxf3 Rc8 17. Qg3 Nxd3 18. cxd3 Rc2 19. Rf2 Qc7 20. Bd2 Bd6 21. Rg2 g6 22. Qg5 Rxd2 23. Ne2 Rxe2 24. Rxe2 Nh5 25. e5 Be7 26. Qg4 Qc8 27. Qe4 Ng7 28. Qf4 Ne6 29. Qg3 Bg5 30. Rf1 Be3+ 31. Kh1 Nf4 32. Rxe3 dxe3 33. Qxf4 e2 34. Re1 Qh3 35. Kg1 Rd8 36. Qe3 Qf5 37. Qxe2 Rxd3 38. Kf2 Qd7 39. e6 fxe6 40. Qxe6+ Qxe6 41. Rxe6 Rd2+ 42. Re2 Rxe2+ 43. Kxe2 Kf7 44. Ke3 Ke6 45. Ke4 g5 46. f4 g4 47. f5+ Kf6 48. Kf4 h5 49. Ke4 b5 50. Kf4 a5 51. b3 a4 52. b4 h4 53. Kxg4 h3 54. Kf4 Kf7 55. Ke5 Ke7 56. f6+ Kf7 57. Kf5 Kf8 58. Kg4 Kf7 59. Kxh3 Kxf6 60. Kg4 Ke5 61. h4 Kd4 62. h5 Kc3 63. h6 Kb3 64. h7 Kxa3 65. h8Q Kxb4 66. Qb2+ Kc4 67. Kf4 b4 68. Ke4 b3 69. Qa3 Kc3 70. Qc1+ Kb4 71. Kd4 1-0

[Event "COL-ch Rapid (Women)"]
[Site "Villavicencio"]
[Date "2021.11.13"]
[Round "3"]
[White "Velez Alvarez, Laura Camila"]
[Black "Suarez Ardila, Luisa Maria"]
[Result "1-0"]
[WhiteElo "1784"]
[BlackElo "1476"]
[PlyCount "87"]
[EventDate "2021.11.13"]
[EventType "swiss (rapid)"]
[EventRounds "9"]
[EventCountry "COL"]
[SourceTitle "CBM 205 Extra"]
[Source "ChessBase"]
[SourceDate "2022.01.31"]
[SourceVersion "1"]
[SourceVersionDate "2022.01.31"]
[SourceQuality "1"]

1. e4 c5 2. Nf3 e6 3. d4 cxd4 4. Nxd4 Nc6 5. f3 Nf6 6. c4 d6 7. Nc3 Be7 8. Be3 0-0 9. Qd2 d5 10. cxd5 exd5 11. Nxc6 bxc6 12. e5 Ne8 13. Be2 f6 14. f4 fxe5 15. fxe5 Be6 16. Bf3 Nc7 17. Na4 Na6 18. Rc1 Bh4+ 19. Ke2 Qd7 20. Nc5 Nxc5 21. Bxc5 Rf7 22. Qd4 Be7 23. Rhf1 Qc7 24. Kf2 Bxc5 25. Rxc5 Raf8 26. Kg1 Rf4 27. Qe3 Qb6 28. Kh1 d4 29. Qa3 Bd5 30. Rxd5 Rxf3 31. Rxf3 Rxf3 32. Qxf3 cxd5 33. Qxd5+ Kf8 34. e6 Qc7 35. h4 Qc1+ 36. Kh2 Qf4+ 37. Kh3 Qe3+ 38. g3 Ke7 39. Qd7+ Kf6 40. Qf7+ Ke5 41. e7 Qd2 42. e8Q+ Kd6 43. Qf4+ Qxf4 44. gxf4 1-0

[Event "Central America Carribean-ch U20 Girls"]
[Site "Pereira"]
[Date "2021.09.24"]
[Round "5"]
[White "Castano, Saray"]
[Black "Suarez Ardila, Luisa Maria"]
[Result "0-1"]
[WhiteElo "1693"]
[BlackElo "1737"]
[PlyCount "70"]
[EventDate "2021.09.21"]
[EventType "swiss"]
[EventRounds "9"]
[EventCountry "COL"]
[SourceTitle "EXT 2023"]
[Source "ChessBase"]
[SourceDate "2022.10.05"]
[SourceVersion "1"]
[SourceVersionDate "2022.10.05"]
[SourceQuality "1"]

1. e4 c5 2. Nf3 e6 3. d4 cxd4 4. Nxd4 Nc6 5. Nb5 a6 6. Nd6+ Bxd6 7. Qxd6 Nf6 8. Nc3 Qe7 9. Qxe7+ Nxe7 10. Bg5 b5 11. f3 Bb7 12. e5 Nfd5 13. Ne4 0-0 14. Bxe7 Nxe7 15. Nc5 Bc6 16. Bd3 Rfd8 17. 0-0-0 Nd5 18. Be4 Ne3 19. Rd2 Nc4 20. Bxc6 dxc6 21. Rxd8+ Rxd8 22. Nxa6 Nxe5 23. Rd1 Rxd1+ 24. Kxd1 Kf8 25. Nb4 g5 26. Nd3 Nd7 27. Ke2 Ke7 28. Nf2 f5 29. Ke3 Kd6 30. b3 Nb6 31. Nd3 h5 32. Kd4 Nd5 33. c4 c5+ 34. Nxc5 e5+ 35. Kd3 Nf4+ 0-1

[Event "Central America Carribean-ch U20 Girls"]
[Site "Pereira"]
[Date "2021.09.24"]
[Round "6"]
[White "Suarez Ardila, Luisa Maria"]
[Black "Hernandez Bermudez, Manuela"]
[Result "0-1"]
[WhiteElo "1737"]
[BlackElo "1921"]
[PlyCount "108"]
[EventDate "2021.09.21"]
[EventType "swiss"]
[EventRounds "9"]
[EventCountry "COL"]
[SourceTitle "EXT 2023"]
[Source "ChessBase"]
[SourceDate "2022.10.05"]
[SourceVersion "1"]
[SourceVersionDate "2022.10.05"]
[SourceQuality "1"]

1. e4 c5 2. d4 cxd4 3. c3 d3 4. Bxd3 g6 5. Nf3 Bg7 6. h4 h5 7. e5 Nc6 8. Bf4 d6 9. exd6 Nf6 10. dxe7 Qxe7+ 11. Qe2 Qxe2+ 12. Bxe2 Bf5 13. Na3 Nd5 14. Bd2 0-0 15. 0-0 Rfe8 16. Rfe1 Rad8 17. Nc4 a6 18. Ne3 Nf4 19. Kf1 Be4 20. Red1 Nxe2 21. Kxe2 Bd3+ 22. Ke1 Na5 23. Ng1 Nc4 24. Ne2 Nxb2 25. Rdc1 Nc4 26. Nf4 Bf5 27. Rd1 Nxd2 28. Rxd2 Bxc3 29. Rad1 Bc2 30. Ne2 Bxd2+ 31. Rxd2 Rxd2 32. Kxd2 Be4 33. g3 f6 34. Kc3 Kf7 35. Kb4 Rd8 36. Nc3 Bc6 37. a3 Rd2 38. Nc4 Rxf2 39. Na5 Bg2 40. Kc4 Rf3 41. Ne4 Rxa3 42. Nd6+ Ke6 43. Naxb7 Bxb7 44. Nxb7 Kf5 45. Nc5 a5 46. Kb5 Kg4 47. Nd7 Kxg3 48. Nxf6 Kxh4 49. Ne4 g5 50. Nd2 g4 51. Nc4 Ra2 52. Ne5 g3 53. Kc4 g2 54. Kd3 Kg3 0-1

[Event "Central America Carribean-ch U20 Girls"]
[Site "Pereira"]
[Date "2021.09.23"]
[Round "4"]
[White "Suarez Ardila, Luisa Maria"]
[Black "Moncada Correa, Sara"]
[Result "1/2-1/2"]
[WhiteElo "1737"]
[BlackElo "1887"]
[PlyCount "64"]
[EventDate "2021.09.21"]
[EventType "swiss"]
[EventRounds "9"]
[EventCountry "COL"]
[SourceTitle "EXT 2023"]
[Source "ChessBase"]
[SourceDate "2022.10.05"]
[SourceVersion "1"]
[SourceVersionDate "2022.10.05"]
[SourceQuality "1"]

1. e4 c6 2. d4 d5 3. Nd2 dxe4 4. Nxe4 Nf6 5. Nxf6+ exf6 6. c3 Bd6 7. Bd3 0-0 8. Qc2 Re8+ 9. Ne2 h5 10. Be3 Be6 11. 0-0 h4 12. h3 Nd7 13. Rad1 Nf8 14. c4 Rc8 15. Rfe1 b5 16. Nf4 Qa5 17. b3 Bd7 18. Ne2 Bb8 19. Qd2 Qc7 20. f4 Qd6 21. Bf2 Ne6 22. Bxh4 Nxf4 23. Qxf4 Qxf4 24. Nxf4 Bxf4 25. Kf2 a6 26. g4 Bd6 27. Bg3 Bb4 28. Re4 g6 29. Kf3 Kg7 30. h4 Rxe4 31. Bxe4 Re8 32. Bc2 Be6 1/2-1/2

[Event "COL-ch U16"]
[Site "Bogota"]
[Date "2021.03.25"]
[Round "2"]
[White "Lopez Ramirez, David Santiago"]
[Black "Suarez Ardila, Luisa Maria"]
[Result "1-0"]
[WhiteElo "1996"]
[BlackElo "1724"]
[PlyCount "97"]
[EventDate "2021.03.24"]
[EventType "swiss"]
[EventRounds "7"]
[EventCountry "COL"]
[SourceTitle "EXT 2022"]
[Source "ChessBase"]
[SourceDate "2021.10.06"]
[SourceVersion "1"]
[SourceVersionDate "2021.10.06"]
[SourceQuality "1"]

1. d4 Nf6 2. Nf3 g6 3. Nbd2 Bg7 4. e4 d6 5. Bb5+ c6 6. Bd3 Nbd7 7. 0-0 0-0 8. Re1 e5 9. c3 Ne8 10. Bf1 f5 11. dxe5 Nxe5 12. Nxe5 dxe5 13. Nc4 Qc7 14. f4 fxe4 15. Nxe5 Nd6 16. Qb3+ Kh8 17. Be3 Re8 18. Rad1 Be6 19. Qb4 Nf7 20. Nc4 Bd5 21. g3 Bf8 22. Bc5 Bxc5+ 23. Qxc5 b5 24. Rxd5 bxc4 25. Qd4+ Kg8 26. Rd7 Qb6 27. Bxc4 Rf8 28. Qxb6 axb6 29. Rxe4 Rad8 30. Bxf7+ Rxf7 31. Rxd8+ Kg7 32. Rd6 Ra7 33. Rxc6 Rxa2 34. Rxb6 h5 35. f5 gxf5 36. Re7+ Kf8 37. Rc7 Ra8 38. Rh6 Kg8 39. Rhc6 Ra2 40. Rb7 Ra8 41. Kg2 Rd8 42. Kh3 f4 43. Kh4 f3 44. Rf6 Rd2 45. Rxf3 Rxh2+ 46. Kg5 h4 47. Kg6 Rxb2 48. Rxb2 h3 49. Rb8# 1-0

[Event "COL Intercollegiate-ch U14 Girls"]
[Site "Paipa"]
[Date "2019.12.13"]
[Round "6"]
[White "Lopez Rayo, Isabella"]
[Black "Suarez Ardila, Luisa Maria"]
[Result "1/2-1/2"]
[WhiteElo "1676"]
[BlackElo "1629"]
[PlyCount "80"]
[EventDate "2019.12.11"]
[EventType "swiss"]
[EventRounds "7"]
[EventCountry "COL"]
[SourceTitle "CBM 193 Extra"]
[Source "ChessBase"]
[SourceDate "2020.01.31"]
[SourceVersion "1"]
[SourceVersionDate "2020.01.31"]
[SourceQuality "1"]

1. e4 c5 2. Nf3 g6 3. d4 cxd4 4. Nxd4 Nc6 5. c4 Bg7 6. Be3 Nf6 7. Nc3 0-0 8. Be2 d6 9. 0-0 a6 10. Rc1 Bd7 11. b3 Nxd4 12. Bxd4 Bc6 13. f3 Bh6 14. Rb1 e5 15. Bf2 Nh5 16. Re1 Qg5 17. Bf1 Qd2 18. Ne2 Rad8 19. Qxd2 Bxd2 20. Red1 Bh6 21. Rd3 f5 22. exf5 e4 23. Rc3 exf3 24. gxf3 Rxf5 25. Nd4 Rf6 26. Nxc6 bxc6 27. Bg3 Re8 28. Rd1 Be3+ 29. Kg2 Nf4+ 30. Bxf4 Bxf4 31. Bd3 Re3 32. Rc2 g5 33. Be4 c5 34. h3 h5 35. Kf2 g4 36. hxg4 hxg4 37. Rg1 g3+ 38. Rxg3+ Bxg3+ 39. Kxe3 Bf4+ 40. Kf2 Rh6 1/2-1/2

[Event "COL-chT (Women)"]
[Site "Cartagena"]
[Date "2019.11.28"]
[Round "7.4"]
[White "Suarez Ardila, Luisa Maria"]
[Black "Rosado Perez, Maria Jose"]
[Result "1/2-1/2"]
[WhiteElo "1529"]
[BlackElo "1809"]
[PlyCount "83"]
[EventDate "2019.11.24"]
[EventType "team-swiss"]
[EventRounds "7"]
[EventCountry "COL"]
[SourceTitle "CBM 193 Extra"]
[Source "ChessBase"]
[SourceDate "2020.01.31"]
[SourceVersion "1"]
[SourceVersionDate "2020.01.31"]
[SourceQuality "1"]
[WhiteTeam "Meta (W)"]
[BlackTeam "Bolivar (W)"]
[WhiteTeamCountry "COL"]
[BlackTeamCountry "COL"]

1. e4 c5 2. c3 d5 3. exd5 Qxd5 4. Nf3 Nc6 5. Na3 e6 6. Nb5 Qd8 7. d4 a6 8. Na3 cxd4 9. Nxd4 Nxd4 10. Qxd4 Qxd4 11. cxd4 Bxa3 12. bxa3 Ne7 13. Bd3 0-0 14. Rb1 Rd8 15. Be4 Rxd4 16. Bxb7 Rb8 17. Be3 Rd3 18. Ke2 Rxe3+ 19. fxe3 Rxb7 20. Rxb7 Bxb7 21. Rb1 Bc8 22. e4 f6 23. Ke3 Kf7 24. g4 e5 25. h3 h5 26. Rb6 hxg4 27. hxg4 Bxg4 28. Rxa6 Be6 29. a4 Bxa2 30. a5 g5 31. Ra7 Bc4 32. a6 Bb5 33. Ra8 Bc6 34. Rb8 f5 35. exf5 Nxf5+ 36. Kf2 g4 37. a7 g3+ 38. Kg1 Nd4 39. a8Q Ne2+ 40. Kf1 g2+ 41. Kxe2 Bxa8 42. Kf2 1/2-1/2

[Event "COL-chT (Women)"]
[Site "Cartagena"]
[Date "2019.11.26"]
[Round "5.4"]
[White "Ceballos Castellanos, Isabela"]
[Black "Suarez Ardila, Luisa Maria"]
[Result "1/2-1/2"]
[WhiteElo "1394"]
[BlackElo "1529"]
[PlyCount "89"]
[EventDate "2019.11.24"]
[EventType "team-swiss"]
[EventRounds "7"]
[EventCountry "COL"]
[SourceTitle "CBM 193 Extra"]
[Source "ChessBase"]
[SourceDate "2020.01.31"]
[SourceVersion "1"]
[SourceVersionDate "2020.01.31"]
[SourceQuality "1"]
[WhiteTeam "Caldas (W)"]
[BlackTeam "Meta (W)"]
[WhiteTeamCountry "COL"]
[BlackTeamCountry "COL"]

1. e4 c5 2. Nf3 g6 3. d4 cxd4 4. Nxd4 Nc6 5. Be3 Bg7 6. Nc3 Nf6 7. Be2 0-0 8. 0-0 d5 9. exd5 Nxd5 10. Nxd5 Qxd5 11. Nxc6 Qxc6 12. c3 e5 13. Qd2 Be6 14. Rfd1 f5 15. Qd6 f4 16. Qxc6 bxc6 17. Bc5 Rfd8 18. Rxd8+ Rxd8 19. Rd1 Rxd1+ 20. Bxd1 Bxa2 21. Bxa7 e4 22. Bc2 Bd5 23. c4 Bxc4 24. Bxe4 Bb5 25. b4 Bf8 26. Bc5 Bxc5 27. bxc5 Kf7 28. h4 h6 29. g3 fxg3 30. fxg3 Kf6 31. Kf2 g5 32. hxg5+ hxg5 33. Ke3 Ke5 34. g4 Ba4 35. Bf3 Bb5 36. Be4 Ke6 37. Kd4 Be2 38. Bxc6 Bxg4 39. Bg2 Bd1 40. Ke4 Bc2+ 41. Kd4 g4 42. Ke3 Ke5 43. Bb7 Bb3 44. Bc8 Bd1 45. Bxg4 1/2-1/2

[Event "Pan American-ch School U13 Girls"]
[Site "Medellin"]
[Date "2019.11.12"]
[Round "1"]
[White "Diaz Charpentier, Ashly Valeri"]
[Black "Suarez Ardila, Luisa Maria"]
[Result "0-1"]
[WhiteElo "1064"]
[BlackElo "1529"]
[PlyCount "46"]
[EventDate "2019.11.12"]
[EventType "swiss"]
[EventRounds "9"]
[EventCountry "COL"]
[SourceTitle "CBM 193 Extra"]
[Source "ChessBase"]
[SourceDate "2020.01.31"]
[SourceVersion "1"]
[SourceVersionDate "2020.01.31"]
[SourceQuality "1"]

1. e4 c5 2. Nf3 g6 3. d4 cxd4 4. Nxd4 Nc6 5. Be3 Bg7 6. Nc3 Nf6 7. Be2 0-0 8. 0-0 d5 9. Bf3 dxe4 10. Nxe4 Nd5 11. c3 Nxe3 12. fxe3 Ne5 13. Qe2 Qb6 14. Rab1 Bh6 15. b4 Nxf3+ 16. Qxf3 Qa6 17. Rf2 Qd3 18. Re1 f5 19. Nc5 Qxc3 20. Qd5+ e6 21. Ndxe6 Qxe1+ 22. Rf1 Bxe3+ 23. Kh1 Qxf1# 0-1

[Event "COL-ch U1800"]
[Site "Villamaria"]
[Date "2019.11.04"]
[Round "7"]
[White "Bolanos Calvache, Brigeth Vanessa"]
[Black "Suarez Ardila, Luisa Maria"]
[Result "0-1"]
[WhiteElo "1741"]
[BlackElo "1529"]
[PlyCount "80"]
[EventDate "2019.11.01"]
[EventType "swiss"]
[EventRounds "7"]
[EventCountry "COL"]
[SourceTitle "CBM 193 Extra"]
[Source "ChessBase"]
[SourceDate "2020.01.31"]
[SourceVersion "1"]
[SourceVersionDate "2020.01.31"]
[SourceQuality "1"]

1. e4 c5 2. Nf3 g6 3. d4 cxd4 4. Qxd4 Nf6 5. e5 Nc6 6. Qa4 Nd5 7. Qb3 Nc7 8. Nc3 Bg7 9. Bf4 Ne6 10. Bg3 Qa5 11. Qd5 Qb6 12. 0-0-0 0-0 13. Qb5 Qxb5 14. Nxb5 a6 15. Nc3 b5 16. Nd5 Rb8 17. h4 h5 18. Be2 Nc5 19. e6 Rb7 20. exf7+ Rxf7 21. Ng5 Rf8 22. Bf3 Ra7 23. Nb6 Nd4 24. Bb8 Nxf3 25. Bxa7 Nxg5 26. hxg5 Bb7 27. Nd5 Bxd5 28. Rxd5 Na4 29. c3 d6 30. Re1 b4 31. Ra5 Nxb2 32. Rxe7 bxc3 33. Rxa6 Nd3+ 34. Kc2 Nb4+ 35. Kb3 Nxa6 36. Re6 Ra8 37. Be3 Rb8+ 38. Ka3 c2 39. Bc1 Kf7 40. Rxd6 Bf8 0-1